000 00199nam a2200085Ia 4500
008 170620s9999 xx 000 0 und d
100 _aMalhotra- V.P.
245 0 _aDavid Copperfield
260 _b"Rama brothers
260 _c N. D."
999 _c28730
_d28730